National Consciousness and Literary Cosmopolitics

Библиографические подробности
Главный автор: Gui
Формат: Электронный ресурс eКнига
Язык:English
Опубликовано: The Ohio State University Press
Предметы:
Online-ссылка:Full text available on Project MUSE [12/12/13]
Off-campus access
LEADER 01069pam a2200253 a 4500
001 AALebookProjectMUSE022921
003 BD-DhAAL
006 m||||||||d||||||||
007 cr||||||||||||
008 221121s9999 xxuabf fo j 001 0 eng d
020 |a 814271103 
020 |a 9780814271100 
040 |a BD-DhAAL  |c BD-DhAAL 
100 1 |a Gui 
245 0 0 |h [electronic resource]  |a National Consciousness and Literary Cosmopolitics 
260 |b The Ohio State University Press 
300 |a 1 online resource 
500 |a <strong>Off-Campus Access:</strong> Athens ID and Password Required 
500 |a <strong>On-Campus Access:</strong> No User ID or Password Required 
506 |a Electronic access restricted to authorized BRAC University faculty, staff and students 
538 |a Mode of access: Internet 
655 7 |a Electronic books  |2 Library of Congress 
856 4 0 |z Full text available on Project MUSE [12/12/13]  |u https://muse.jhu.edu/book/27542 
856 4 0 |z Off-campus access  |u https://go.openathens.net/redirector/bracu.ac.bd?url=https%3A%2F%2Fmuse.jhu.edu%2Fbook%2F27542